000
00301nam a2200121Ia 4500
008
150201s2010 xx 000 0 und d
082
_a
616.0757
_b
M10W
100
_a
WHO
245
_a
MANUAL OF RADIOGRAPHIC TECHNIQUE
260
_b
AITBS
_a
DELHI
_c
2010
650
_a
RADIOLOGY & DIAGNOSIS
942
_2
ddc
_c
BK
999
_c
861
_d
861